000 01232cam a2200361 a 4500
001 4063
003 FISKH
005 20240605082710.0
008 010706s2001 nyua b 000 1 eng
010 _a 2001049057
020 _a043928337X
020 _a9780439283373
040 _aDLC
_cDLC
_dDLC
_beng
042 _alcac
050 0 0 _aPZ7.W539
_bCl 2001
082 0 0 _aPZ7.W539
100 1 _aWeyn, Suzanne.
245 1 0 _aClifford's hiccups /
_cadapted by Suzanne Weyn ; illustrated by Carolyn Bracken and Sandrina Kurtz.
260 _aNew York :
_bScholastic,
_c2001.
300 _a24 unnumbered pages :
_bcolor illustrations ;
_c21 cm
500 _a"From the television script 'Clifford's hiccups' by Baz Hawkins; based on the Scholastic book series 'Clifford the big red dog' by Norman Bridwell."
505 _aG
520 _aWhen Clifford develops the hiccups, his friends try to find a cure.
521 8 _a380
_bLexile
521 8 _aG
_bRaz-Plus
650 1 _aDogs
_vFiction.
650 1 _aHiccups
_vFiction.
700 1 _aBracken, Carolyn,
_eillustrator
700 1 _aKurtz, Sandrina,
_eillustrator
906 _a7
_bcbc
_corignew
_d1
_eocip
_f20
_gy-gencatlg
942 _2ddc
_cBK
_n0
999 _c4063
_d4063